000 02556 am a2200805 a 4500
005 20240625114001.0
008 100603s1995||||ag d f |||| 001 0 spa d
020 _a9875052022
041 _aspa
092 _c616.5
_l95
_sWOS
100 1 _aWoscoff, Alberto.
_952
245 _aOrientación dermatológica en medicina interna /
_cAlberto Woscoff
250 _a1a ed.
260 _aBuenos Aires:
_bLibreros López Editores;
_c1995.
300 _a297 p.
500 _aWoscoff, A., Cabrera, H. N. y Kaminsky, A. (1995). Orientación dermatológica en medicina interna. (1a ed.). Buenos Aires : Libreros López Editores.
653 _aEstructura y funciones de la piel
653 _aSemiología dermatológica
653 _aDermatosis maculosas
653 _aDermatosis papulosas
653 _aDermatitis atopica
653 _aDermatitis por contacto
653 _aLesiones eritematoescamosas
653 _aDermatitis seborreica
653 _aPitiriasis rosada
653 _aParapsoriasis
653 _aEritrodermia
653 _aEnfermedades ampollares
653 _aEritema polimorfo
653 _aFarmacodermias
653 _aPiodermitis
653 _aMicosis superficiales
653 _aMicosis profundas
653 _aVirosis cutaneas
653 _aEctoparasitosis - Sarna
653 _aEnfermedades transmisibles sexualmente
653 _aLepra
653 _aTBC cutaneas
653 _aManifestaciones cutaneo-mucosas de la infección por VIH
653 _aLupus eritematoso
653 _aDermatomiositis
653 _aEsclerodermia
653 _aVasculitis sistemáticas
653 _aSarcoidosis
653 _aNevos
653 _aTumores cutaneos benignos
653 _aDermatosis precancerosas
653 _aEpitelioma basocelular
653 _aCarcinoma espinocelular
653 _aMelanoma
653 _aSarcomas
653 _aLinfomas cutaneos
653 _aManifestaciones cutaneas de las enfermedades internas
653 _aParaneoplasias
653 _aGenodermatosis
653 _aEnfermedades de la boca
653 _aPatologia de la vulva
653 _aAcné
653 _aAlopecias
653 _aModificaciones de la unidad ungular: terminología
653 _aUlcera de pierna
653 _aDermatosis neonatales
653 _aDermatología pediatrica
653 _aPsicodermatología
653 _aCirugía dermatológica
700 1 _aCabrera, Hugo Néstor.
_91262
700 1 _aKaminsky, Ana.
_953
930 _a1733
942 _2ddc
_cBK
999 _c337
_d337